000 00825nam a2200253Ia 4500
003 OSt
005 20220923223309.0
006 a|||||r|||| 00| 0
007 ta
008 220922b |||||||| |||| 00| 0 hin d
024 _a213,083
037 _cTextual
040 _aARTS
_cARTS
_bhin
041 _2hin
_ahin
082 _aO152,1N2711x, L5
100 _aशर्मा, शेषेन्द्र
245 0 _aदहकता सूरज
246 _aDahakatā sūraja
260 _aहैदराबाद
_b इंडियन लेंग्वेंज फोरम
_c1975
300 _a74पृ.
_ccm.
650 _aहिन्दी साहित्य
_9156264
942 _hO152,1N2711x, L5
_cTEXL
_2CC
999 _c363335
_d363335